Statistics for Biggest Cities in "C" Countries - Not China

Click here to take the quiz!

General Stats

  • This quiz has been taken 224 times
  • The average score is 14 of 17

Answer Stats

HintAnswer% Correct
6,456,000CanadaToronto
96%
8,991,000ColombiaBogota
95%
6,225,000ChileSantiago
94%
4,127,963CanadaMontreal
93%
2,130,000CubaHavana
92%
1,310,000Czech RepublicPrague
92%
2,135,201CanadaVancouver
89%
1,729,000CambodiaPhnom Penh
84%
1,170,000Costa RicaSan Jose
84%
3,568,000ColombiaMedellin
82%
1,095,404CanadaCalgary
76%
3,060,000CameroonYaounde
74%
2,357,000ColombiaCali
73%
4,800,000Cote D'ivoireAbidjan
72%
1,260,000ChadN'Djamena
70%
2,940,000CameroonDouala
54%
1,749,000ColombiaBarranquilla
52%

Score Distribution

Percentile by Number Answered

Percent of People with Each Score

Your Score History

You have not taken this quiz